00434nam a2200133 a 450000100100000000500170001000800410002704000250006808200130009311000280010624500780013426000460021230000420025800004212320201002035943.0131114s2006 cl abc 000 0 spa d aDO-SdBNPbspacBNPHU axxxbxxx1 aRepública de Colombia13aEl plan nacional de lectura y bibliotecas :buna revolución silenciosa. aColombia :bMinisterio de Cultura,c2006. a23 p. :bil., mapas, retrs. ;c23 cm.